¿Qué es esa cosa llamada ciencia?
Enregistré dans:
| Auteur principal: | |
|---|---|
| Autres auteurs: | |
| Format: | Inconnue |
| Publié: |
Madrid, España:
Siglo XXI Editores:
2010.
|
| Édition: | 4.ª edición revisada y ampliada. |
| Sujets: | |
| Tags: |
Ajouter un tag
Pas de tags, Soyez le premier à ajouter un tag!
|
MARC
| LEADER | 00000 a2200000 4500 | ||
|---|---|---|---|
| 003 | CL-VaPUC | ||
| 005 | 20221024103645.0 | ||
| 008 | 221017t2010 ||||| |||| 00| 0 eng d | ||
| 999 | |c 436400 |d 436398 | ||
| 020 | |a 978-84-323-1430- | ||
| 040 | |c Pontificia Universidad Católica de Valparaíso | ||
| 082 | |a 501 CHA 2010 | ||
| 100 | |a Chalmers, Alan F |9 576715 |e autor | ||
| 245 | |a ¿Qué es esa cosa llamada ciencia? | ||
| 250 | |a 4.ª edición revisada y ampliada. | ||
| 260 | |a Madrid, España: |b Siglo XXI Editores: |c 2010. | ||
| 300 | |a 247 páginas. | ||
| 583 | |k GC |c 20221017 | ||
| 650 | |a Filosofía de las ciencias |9 256466 | ||
| 650 | |a Teoría del conocimiento |9 877697 | ||
| 650 | |a Métodos de investigación |9 262618 | ||
| 700 | |a Padilla Villate, José A |e traducción |9 877699 | ||
| 942 | |2 ddc |c BK | ||
| 952 | |0 0 |1 0 |2 ddc |4 0 |6 501_000000000000000_CHA_2010 |7 0 |8 A |9 587226 |a BIBTEO |b BIBTEO |c GEN |d 2022-10-13 |e 3 |g 38116.00 |i 5655160 |l 1 |o 501 CHA 2010 |p 5655160 |r 2025-01-17 |s 2022-11-10 |t 2 |v 38116.00 |w 2022-10-13 |y BK |k ICR | ||
| 952 | |0 0 |1 0 |2 ddc |4 0 |6 501_000000000000000_CHA_2010 |7 0 |8 A |9 587227 |a BIBTEO |b BIBTEO |c GEN |d 2022-10-13 |e 3 |g 38116.00 |i 5655159 |o 501 CHA 2010 |p 5655159 |r 2025-01-17 |t 1 |v 38116.00 |w 2022-10-13 |y BK |k ICR | ||